Folding in architecture / (Record no. 353902)

000 -LEADER
fixed length control field 01830nam a2200301 a 4500
001 - CONTROL NUMBER
control field ASIN0470092181
003 - CONTROL NUMBER IDENTIFIER
control field OSt
005 - DATE AND TIME OF LATEST TRANSACTION
control field 20180116192421.0
008 - FIXED-LENGTH DATA ELEMENTS--GENERAL INFORMATION
fixed length control field 140227s2004 xxu eng d
020 ## - INTERNATIONAL STANDARD BOOK NUMBER
International Standard Book Number 0470092181 (paperback)
Terms of availability $70.00
020 ## - INTERNATIONAL STANDARD BOOK NUMBER
International Standard Book Number 9780470092187 (paperback)
040 ## - CATALOGING SOURCE
Transcribing agency sada
050 04 - LIBRARY OF CONGRESS CALL NUMBER
Classification number NA2728
082 04 - DEWEY DECIMAL CLASSIFICATION NUMBER
Classification number 720
245 10 - TITLE STATEMENT
Title Folding in architecture /
Statement of responsibility, etc. Greg Lynn.
250 ## - EDITION STATEMENT
Edition statement Revised Edition.
260 ## - PUBLICATION, DISTRIBUTION, ETC.
Place of publication, distribution, etc. [S.l.] :
Name of publisher, distributor, etc. Academy Press,
Date of publication, distribution, etc. 2004.
300 ## - PHYSICAL DESCRIPTION
Extent 112 p. ;
Dimensions 31 cm.
490 1# - SERIES STATEMENT
Series statement Architectural design.
520 ## - SUMMARY, ETC.
Summary, etc. This seminal book from Architectural Design was originally published in 1993, at a time of crucial change and on the eve of the digital revolution. It brought together a series of essays that many believe created the favourable environment in which computer-based design could thrive. Considered one of the most influential architecture publications of the 1990s, this book ranks as a classic and in itself is a crucial chapter of history, though one that has been out of print since 1999. This faithful reprinting includes a substantial new introductory essay by Mario Carpo, Head of the Study Centre at the Canadian Centre for Architecture, which examines the impact of the original texts and their ongoing significance. Thereafter, the book is true to its original content showcasing projects by ground-breaking architects such as Greg Lynn, Jeffrey Kipnis, Bahram Shirdel, Frank Gehry and Philip Johnson.
650 #0 - SUBJECT ADDED ENTRY--TOPICAL TERM
Topical term or geographic name entry element Architecture--Technological innovations
9 (RLIN) 7355
650 #0 - SUBJECT ADDED ENTRY--TOPICAL TERM
Topical term or geographic name entry element Deleuze, Gilles, 1925-1995
9 (RLIN) 7356
650 #0 - SUBJECT ADDED ENTRY--TOPICAL TERM
Topical term or geographic name entry element Influence (Literary, artistic, etc.)
9 (RLIN) 7357
700 1# - ADDED ENTRY--PERSONAL NAME
Personal name Lynn, Greg.
9 (RLIN) 7358
830 #0 - SERIES ADDED ENTRY--UNIFORM TITLE
Uniform title Architectural design.
9 (RLIN) 7359
856 40 - ELECTRONIC LOCATION AND ACCESS
Materials specified Amazon.com
Uniform Resource Identifier <a href="http://www.amazon.com/exec/obidos/ASIN/0470092181/chopaconline-20">http://www.amazon.com/exec/obidos/ASIN/0470092181/chopaconline-20</a>
942 ## - ADDED ENTRY ELEMENTS (KOHA)
Source of classification or shelving scheme
Koha item type Book
Holdings
Withdrawn status Lost status Source of classification or shelving scheme Damaged status Not for loan Permanent Location Current Location Date acquired Total Checkouts Total Renewals Full call number Barcode Date last seen Date last checked out Cost, replacement price Price effective from Koha item type
          School of Art Design and Architecture (SADA) School of Art Design and Architecture (SADA) 02/25/2014 6 2 720 FOL 2004 SADA0002249 05/20/2016 04/20/2016 4460.54 02/28/2014 Book
© 2023 Central Library, National University of Sciences and Technology. All Rights Reserved.